Essays on the historical geography of the Greek world in the Balkans during the Turkokratia

Αποθηκεύτηκε σε:
Λεπτομέρειες βιβλιογραφικής εγγραφής
Κύριος συγγραφέας: Σπυριδωνάκης, Βασίλειος Γ., 1931-2014
Μορφή: Βιβλίο
Γλώσσα:English
Δημοσίευση: Thessaloniki : Institute for Balkan Studies, 1977.
Σειρά:Ίδρυμα Μελετών Χερσονήσου του Αίμου (Σειρά) 180
Θέματα:
Ετικέτες: Προσθήκη ετικέτας
Δεν υπάρχουν, Καταχωρήστε ετικέτα πρώτοι!

MARC

LEADER 00000cam a2200000 i 4500
001 1/106111
008 950628s1977 gr | ||| |||| ||eng||
035 |l 10013924 
040 |a GR-MyUA  |b gre  |c GR-MyUA  |e AACR2 
041 0 |a eng 
082 7 |a 911.496   |2 (22)  
100 1 |a Σπυριδωνάκης, Βασίλειος Γ.,   |d 1931-2014. 
245 1 0 |a Essays on the historical geography of the Greek world in the Balkans during the Turkokratia /   |c B. G. Spiridonakis.  
260 |a Thessaloniki :   |b Institute for Balkan Studies,   |c 1977.  
300 |a 171 σ. ;   |c 24 εκ. 
490 1 |a (Hidryma Meleton Chersonesou tou Haimou ;   |v 180) 
504 |a Περιλαμβάνει βιβλιογραφίες και ευρετήριο.  
651 0 |a Greece  |x Population. 
651 0 |a Greece  |x Historical geography. 
830 0 |a Ίδρυμα Μελετών Χερσονήσου του Αίμου (Σειρά)  |v 180 
852 |a INST  |b LESVOS  |e 19950628  |h 911.496 ΣΠΥ  |p 005100008287  |q 005100008287  |t BK  |y 4  |x 20200115 
852 |a INST  |b RHODES  |e 20040520  |h 911.496 ΣΠΥ  |p 005400019057  |q 005400019057  |t BK  |y 0 
901 |a BIBL4-2004-2 
970 |a Οικονομοπούλου   |b Χριστίνα  |z 2000/05